Angesichts des Todes : die Todesbilder in der neueren österreichischen Prosa : Bachmann, Bernhard, Winkler, Jelinek, Handke, Ransmayr /

Main Author: Pfeiferová, Dana, 1967-
Language: German
Published: Wien : Praesens, 2007
Edition: 1. Aufl.
Physical Description: 238 s.
Book
Saved in:
LEADER 01406nam a2200397 a 4500
001 001001417
003 CZ BrMZK
005 20201110194732.0
007 ta
008 080710s2007 au er 000 0 ger d
020 |a 978-3-7069-0353-0 
040 |a BOA001  |b cze 
045 |a x6y0 
072 7 |a 821.112.2.09  |x Německá literatura, německy psaná (o ní)  |2 Konspekt  |9 11 
080 |a 821.112.2(436)-3  |2 MRF 
080 |a 612.013  |2 MRF 
080 |a 7.04  |2 MRF 
080 |a 82.09  |2 MRF 
080 |a (048.8)  |2 MRF 
100 1 |a Pfeiferová, Dana,  |d 1967-  |7 mzk2004257551  |4 aut 
245 1 0 |a Angesichts des Todes :  |b die Todesbilder in der neueren österreichischen Prosa : Bachmann, Bernhard, Winkler, Jelinek, Handke, Ransmayr /  |c Dana Pfeiferová 
250 |a 1. Aufl. 
260 |a Wien :  |b Praesens,  |c 2007 
300 |a 238 s. 
541 |a 10.1.2008 
648 4 |a 1963-2003 
648 7 |a 20.-21. století  |7 ch462155  |2 czenas 
650 0 7 |a rakouská próza  |7 ph125013  |y 20.-21. stol.  |2 czenas 
650 0 7 |a smrt  |7 ph116193  |2 czenas 
650 0 7 |a náměty, témata a motivy  |7 ph138485  |2 czenas 
650 0 7 |a literárněvědné rozbory  |7 ph138745  |2 czenas 
655 7 |a studie  |7 fd133597  |2 czenas 
910 |a BOA001  |b RK-0005.241 
990 |a BK 
991 |z 000050008  |x 33 
996 7 |b 261A006352  |c RK-0005.241  |l Rakouská knihovna/2.patro  |r ZHR  |n 7  |p {1-LW-05.241}  |h LW-1918  |w 001001417  |u 000010  |a 0  |e BOA001  |j MZK50  |s A